000 00751nam a2200241Ia 4500
003 OSt
005 20220918220101.0
006 a|||||r|||| 00| 0
007 ta
008 220917b |||||||| |||| 00| 0 eng d
024 _a144,365
037 _cTextual
040 _aARTS
_cARTS
_beng
041 _2eng
_aeng
082 _aY172:3:687, J5(906);3
100 _aGullivers P H
_9136432
245 0 _aFamily herds
_b Study of two pastoral tribes in east Africa the Jie and turkana
260 _aNA
_bNA
_c1955
490 _aInternational library of sociology and Social reconstrcution ed by W J H Sprott
650 _aSOCIOLOGY
942 _hY172:3:687, J5(906);3
_cTEXL
_2CC
999 _c267279
_d267279